UM Logo
Normal view MARC view
  • Education

Entry Topical Term

Number of records used in: 4

001 - CONTROL NUMBER

  • control field: 41161

003 - CONTROL NUMBER IDENTIFIER

  • control field: OSt

005 - DATE AND TIME OF LATEST TRANSACTION

  • control field: 20200109143151.0

008 - FIXED-LENGTH DATA ELEMENTS

  • fixed length control field: 200109|| aca||aabn | a|a d

040 ## - CATALOGING SOURCE

  • Original cataloging agency: OSt
  • Transcribing agency: OSt

150 ## - HEADING--TOPICAL TERM

  • Topical term or geographic name entry element: Education
  • Form subdivision: Elementary
  • General subdivision: Undergraduate Thesis

670 ## - SOURCE DATA FOUND

  • Source citation: Work cat.: (OSt): Darunday, Honey Lou P. 41160, Teachers' Traits and Pupils' Motivation in the 6th Grade Level/, Decemeber 2019